Statistiques concernant Films se déroulant à Lyon par images

Cliquez ici pour prendre le quiz!

Statistiques générales

  • Ce quiz a été pris 33 fois
  • Le résultat moyen est 3 sur 16

Statistiques - réponses

Réponse% Correct
Barbecue
64%
Les Lyonnais
45%
La Sortie de l'usine Lumière à Lyon
36%
L'Armée des ombres
24%
Alice et le Maire
21%
Les Onze Commandements
21%
L'Horloger de Saint-Paul
21%
La Sirène du Mississipi
18%
La Belle Epoque
15%
Les Liens du sang
9%
La Finale
6%
La Voie royale
6%
Lucie Aubrac
6%
Thérèse Raquin
6%
De grandes espérances
3%
Une affaire de goût
3%

Distribution des résultats

Percentile par nombre de réponses

% des personnes avec chaque résultat

Votre développement - résultats

Vous n’avez pas pris ce quiz